[Event "DEM U14 2021"]
[Site "Willingen GER"]
[Date "2021.08.26"]
[Round "6"]
[White "Costa, Leonardo"]
[Black "Ohler, Julius"]
[Result "1-0"]
[Termination "normal"]
[Board "1"]
[WhiteTitle "FM"]
[WhiteElo "2336"]
[BlackElo "2014"]
[WhiteClock "00:02:35"]
[BlackClock "00:15:03"]
[PlyCount "82"]
[WhiteFideId "16213955"]
[BlackFideId "16238982"]
[EventCountry "GER"]
[EventRounds "9"]
[EventType "swiss"]
[EventDate "2021.08.22"]

1. e4 {[%clk 1:30:58]} c6 {[%clk 1:30:55]} 2. d4 {[%clk 1:31:25]} d5 {[%clk
1:31:19]} 3. exd5 {[%clk 1:31:50]} cxd5 {[%clk 1:31:43]} 4. Bd3 {[%clk
1:32:16]} Nc6 {[%clk 1:32:02]} 5. c3 {[%clk 1:32:41]} Qc7 {[%clk 1:32:04]} 6.
Ne2 {[%clk 1:32:55]} Bg4 {[%clk 1:30:04]} 7. O-O {[%clk 1:33:12]} e6 {[%clk
1:30:10]} 8. Qe1 {[%clk 1:32:58]} Bd6 {[%clk 1:29:20]} 9. f3 {[%clk 1:32:48]}
Bh5 {[%clk 1:24:47]} 10. Qh4 {[%clk 1:33:12]} Bg6 {[%clk 1:22:44]} 11. Bxg6
{[%clk 1:33:36]} fxg6 {[%clk 1:23:11]} 12. Bf4 {[%clk 1:24:24]} Nf6 {[%clk
1:21:43]} 13. Nd2 {[%clk 1:20:00]} O-O {[%clk 1:21:18]} 14. Nb3 {[%clk
1:12:06]} Nd7 {[%clk 1:16:12]} 15. Bxd6 {[%clk 1:11:57]} Qxd6 {[%clk 1:16:38]}
16. Qg3 {[%clk 1:05:24]} e5 {[%clk 1:10:50]} 17. Rad1 {[%clk 1:03:18]} Rad8
{[%clk 1:09:21]} 18. Rfe1 {[%clk 1:00:47]} Nf6 {[%clk 1:07:39]} 19. dxe5 {[%clk
0:59:14]} Nxe5 {[%clk 1:05:46]} 20. Nf4 {[%clk 0:46:52]} Rfe8 {[%clk 1:01:46]}
21. Qf2 {[%clk 0:43:00]} Nc4 {[%clk 0:56:20]} 22. Nd3 {[%clk 0:41:51]} b6
{[%clk 0:52:12]} 23. Nd4 {[%clk 0:41:14]} a6 {[%clk 0:40:59]} 24. Qg3 {[%clk
0:36:03]} Qd7 {[%clk 0:39:58]} 25. Qf2 {[%clk 0:32:01]} Qd6 {[%clk 0:34:10]}
26. Nb4 {[%clk 0:30:50]} b5 {[%clk 0:31:49]} 27. Nd3 {[%clk 0:30:59]} Rc8
{[%clk 0:26:07]} 28. Rxe8+ {[%clk 0:28:50]} Rxe8 {[%clk 0:26:11]} 29. Re1
{[%clk 0:29:15]} Rxe1+ {[%clk 0:24:17]} 30. Qxe1 {[%clk 0:29:05]} Kf7 {[%clk
0:23:36]} 31. b3 {[%clk 0:27:30]} Nb6 {[%clk 0:23:09]} 32. Ne5+ {[%clk
0:25:46]} Kf8 {[%clk 0:23:29]} 33. Nec6 {[%clk 0:20:25]} Nbd7 {[%clk 0:22:19]}
34. Qe3 {[%clk 0:14:26]} Nc5 {[%clk 0:19:44]} 35. b4 {[%clk 0:11:12]} Na4
{[%clk 0:17:05]} 36. h3 {[%clk 0:08:23]} h6 {[%clk 0:15:15]} 37. Ne5 {[%clk
0:02:10]} Nd7 {[%clk 0:14:08]} 38. Qf4+ {[%clk 0:02:13]} Ke8 {[%clk 0:13:53]}
39. Qf7+ {[%clk 0:01:55]} Kd8 {[%clk 0:14:18]} 40. Ne6+ {[%clk 0:02:11]} Kc8
{[%clk 0:14:43]} 41. Qe8+ {[%clk 0:02:35]} Kb7 {[%clk 0:15:03]} 1-0

[Event "DEM U14 2021"]
[Site "Willingen GER"]
[Date "2021.08.26"]
[Round "6"]
[White "Foerster-Yialamas, Lucas"]
[Black "Heinrich, John"]
[Result "1-0"]
[Termination "normal"]
[Board "2"]
[WhiteTitle "CM"]
[WhiteElo "1881"]
[BlackElo "1911"]
[WhiteClock "00:37:00"]
[BlackClock "00:10:45"]
[PlyCount "69"]
[WhiteFideId "30901774"]
[BlackFideId "16259491"]
[EventCountry "GER"]
[EventRounds "9"]
[EventType "swiss"]
[EventDate "2021.08.22"]

1. e4 {[%clk 1:30:58]} c5 {[%clk 1:30:54]} 2. Nf3 {[%clk 1:31:22]} e6 {[%clk
1:31:21]} 3. d4 {[%clk 1:31:49]} cxd4 {[%clk 1:31:47]} 4. Nxd4 {[%clk 1:32:14]}
Nc6 {[%clk 1:32:11]} 5. Nc3 {[%clk 1:32:39]} Qc7 {[%clk 1:32:37]} 6. Be3 {[%clk
1:33:00]} Nf6 {[%clk 1:32:57]} 7. a3 {[%clk 1:32:51]} a6 {[%clk 1:32:17]} 8. f4
{[%clk 1:33:00]} d6 {[%clk 1:27:52]} 9. Be2 {[%clk 1:31:16]} Be7 {[%clk
1:27:37]} 10. Qd2 {[%clk 1:31:19]} Bd7 {[%clk 1:25:43]} 11. Bf3 {[%clk
1:29:39]} Na5 {[%clk 1:23:24]} 12. b3 {[%clk 1:20:44]} Rc8 {[%clk 1:22:48]} 13.
Nde2 {[%clk 1:20:36]} b5 {[%clk 1:19:52]} 14. g4 {[%clk 1:14:45]} Bc6 {[%clk
1:16:36]} 15. g5 {[%clk 1:14:26]} Nd7 {[%clk 1:16:54]} 16. h4 {[%clk 1:06:38]}
Nc5 {[%clk 1:08:10]} 17. Rd1 {[%clk 1:01:47]} Nab7 {[%clk 1:01:48]} 18. h5
{[%clk 0:57:53]} a5 {[%clk 0:58:36]} 19. Ng3 {[%clk 0:57:00]} b4 {[%clk
0:36:37]} 20. axb4 {[%clk 0:57:22]} axb4 {[%clk 0:37:03]} 21. Nce2 {[%clk
0:57:22]} Na6 {[%clk 0:33:36]} 22. Kf2 {[%clk 0:54:05]} Bd7 {[%clk 0:33:44]}
23. Ra1 {[%clk 0:53:39]} Nbc5 {[%clk 0:30:39]} 24. g6 {[%clk 0:50:16]} hxg6
{[%clk 0:29:15]} 25. hxg6 {[%clk 0:50:33]} Rxh1 {[%clk 0:29:32]} 26. gxf7+
{[%clk 0:49:14]} Kxf7 {[%clk 0:29:54]} 27. Rxh1 {[%clk 0:48:36]} Bf6 {[%clk
0:25:38]} 28. f5 {[%clk 0:45:25]} Nb7 {[%clk 0:18:15]} 29. Bh5+ {[%clk
0:42:13]} Ke7 {[%clk 0:18:11]} 30. Rc1 {[%clk 0:38:25]} Rh8 {[%clk 0:15:08]}
31. Nf4 {[%clk 0:37:21]} Rh7 {[%clk 0:12:22]} 32. fxe6 {[%clk 0:36:00]} Bxe6
{[%clk 0:12:37]} 33. Nxe6 {[%clk 0:36:17]} Kxe6 {[%clk 0:11:15]} 34. Qd5+
{[%clk 0:36:38]} Kd7 {[%clk 0:10:45]} 35. Qf5+ {[%clk 0:37:00]} 1-0

[Event "DEM U14 2021"]
[Site "Willingen GER"]
[Date "2021.08.26"]
[Round "6"]
[White "Deuer, Marius"]
[Black "Hänselmann, Hendrik"]
[Result "1-0"]
[Termination "normal"]
[Board "3"]
[WhiteTitle "FM"]
[WhiteElo "2163"]
[BlackElo "1859"]
[WhiteClock "00:39:30"]
[BlackClock "00:54:27"]
[PlyCount "71"]
[WhiteFideId "16236432"]
[BlackFideId "16232755"]
[EventCountry "GER"]
[EventRounds "9"]
[EventType "swiss"]
[EventDate "2021.08.22"]

1. e4 {[%clk 1:30:53]} c5 {[%clk 1:30:58]} 2. Nf3 {[%clk 1:31:19]} e6 {[%clk
1:31:24]} 3. d4 {[%clk 1:31:46]} cxd4 {[%clk 1:31:50]} 4. Nxd4 {[%clk 1:32:11]}
Nf6 {[%clk 1:32:15]} 5. Nc3 {[%clk 1:32:38]} Nc6 {[%clk 1:32:40]} 6. Ndb5
{[%clk 1:32:23]} Bc5 {[%clk 1:33:04]} 7. Bf4 {[%clk 1:32:39]} O-O {[%clk
1:33:29]} 8. Bc7 {[%clk 1:32:54]} Qe7 {[%clk 1:33:52]} 9. Bd6 {[%clk 1:33:21]}
Bxd6 {[%clk 1:34:15]} 10. Qxd6 {[%clk 1:33:46]} Qd8 {[%clk 1:34:21]} 11. O-O-O
{[%clk 1:34:00]} a6 {[%clk 1:34:13]} 12. Nd4 {[%clk 1:34:22]} Ne8 {[%clk
1:33:55]} 13. Nxc6 {[%clk 1:30:48]} bxc6 {[%clk 1:34:00]} 14. Qc5 {[%clk
1:27:18]} Qc7 {[%clk 1:21:40]} 15. e5 {[%clk 1:20:56]} f6 {[%clk 1:20:53]} 16.
f4 {[%clk 1:20:23]} fxe5 {[%clk 1:19:47]} 17. fxe5 {[%clk 1:18:19]} Rf5 {[%clk
1:18:15]} 18. Qe7 {[%clk 1:10:49]} Rf8 {[%clk 1:18:28]} 19. Bd3 {[%clk
1:11:12]} Qxe5 {[%clk 1:13:57]} 20. Bxh7+ {[%clk 1:09:12]} Kxh7 {[%clk
1:14:22]} 21. Qxf8 {[%clk 1:09:35]} Nf6 {[%clk 1:13:44]} 22. Rhe1 {[%clk
0:56:45]} Qg5+ {[%clk 1:07:09]} 23. Kb1 {[%clk 0:51:05]} Bb7 {[%clk 1:05:43]}
24. Qb4 {[%clk 0:51:04]} Rb8 {[%clk 1:03:35]} 25. Qd6 {[%clk 0:44:05]} Re8
{[%clk 0:59:39]} 26. Ne4 {[%clk 0:41:45]} Nxe4 {[%clk 0:59:29]} 27. Rxe4 {[%clk
0:42:13]} Bc8 {[%clk 0:57:47]} 28. g3 {[%clk 0:40:58]} Qe7 {[%clk 0:56:27]} 29.
Rh4+ {[%clk 0:40:00]} Kg8 {[%clk 0:56:22]} 30. Qd3 {[%clk 0:40:25]} Rf8 {[%clk
0:54:53]} 31. Qh7+ {[%clk 0:37:55]} Kf7 {[%clk 0:55:20]} 32. Rf1+ {[%clk
0:38:14]} Ke8 {[%clk 0:55:44]} 33. Rxf8+ {[%clk 0:38:40]} Qxf8 {[%clk 0:55:25]}
34. Rf4 {[%clk 0:39:05]} Qc5 {[%clk 0:53:59]} 35. Qg8+ {[%clk 0:39:30]} Ke7
{[%clk 0:54:27]} 36. Qf8# 1-0

[Event "DEM U14 2021"]
[Site "Willingen GER"]
[Date "2021.08.26"]
[Round "6"]
[White "Bakiev, Diyor"]
[Black "Metzdorf, Matteo"]
[Result "1-0"]
[Termination "normal"]
[Board "5"]
[WhiteElo "2119"]
[BlackElo "1859"]
[WhiteClock "00:32:19"]
[BlackClock "00:30:25"]
[PlyCount "109"]
[WhiteFideId "16241584"]
[BlackFideId "16209869"]
[EventCountry "GER"]
[EventRounds "9"]
[EventType "swiss"]
[EventDate "2021.08.22"]

1. e4 {[%clk 1:30:56]} c5 {[%clk 1:30:56]} 2. c3 {[%clk 1:31:21]} Qa5 {[%clk
1:31:22]} 3. Nf3 {[%clk 1:30:32]} Nc6 {[%clk 1:31:31]} 4. Be2 {[%clk 1:26:45]}
Nf6 {[%clk 1:27:31]} 5. d3 {[%clk 1:22:37]} e6 {[%clk 1:13:48]} 6. O-O {[%clk
1:21:27]} Qc7 {[%clk 1:09:26]} 7. Qa4 {[%clk 1:03:41]} a6 {[%clk 0:52:01]} 8.
Re1 {[%clk 0:56:44]} b5 {[%clk 0:48:03]} 9. Qc2 {[%clk 0:55:41]} d5 {[%clk
0:46:17]} 10. Bg5 {[%clk 0:51:58]} dxe4 {[%clk 0:43:11]} 11. dxe4 {[%clk
0:52:17]} Be7 {[%clk 0:43:07]} 12. a4 {[%clk 0:50:19]} Rb8 {[%clk 0:33:12]} 13.
axb5 {[%clk 0:48:28]} axb5 {[%clk 0:33:39]} 14. Na3 {[%clk 0:47:39]} c4 {[%clk
0:26:31]} 15. b3 {[%clk 0:32:38]} cxb3 {[%clk 0:17:38]} 16. Qxb3 {[%clk
0:33:00]} b4 {[%clk 0:16:58]} 17. Nb5 {[%clk 0:31:51]} Qb6 {[%clk 0:17:01]} 18.
Be3 {[%clk 0:23:53]} Bc5 {[%clk 0:14:06]} 19. Nd6+ {[%clk 0:23:05]} Ke7 {[%clk
0:12:47]} 20. Nc4 {[%clk 0:13:18]} Qb5 {[%clk 0:12:39]} 21. Nb2 {[%clk
0:11:49]} Na5 {[%clk 0:10:23]} 22. Qa4 {[%clk 0:10:02]} Qb6 {[%clk 0:09:41]}
23. Bxc5+ {[%clk 0:09:28]} Qxc5 {[%clk 0:10:09]} 24. Qxa5 {[%clk 0:09:46]} Qxa5
{[%clk 0:08:42]} 25. Rxa5 {[%clk 0:10:14]} bxc3 {[%clk 0:09:05]} 26. Nd1 {[%clk
0:08:22]} Nxe4 {[%clk 0:08:41]} 27. Bd3 {[%clk 0:08:30]} f5 {[%clk 0:08:19]}
28. Bxe4 {[%clk 0:07:42]} fxe4 {[%clk 0:08:46]} 29. Nd4 {[%clk 0:08:03]} Rb1
{[%clk 0:08:29]} 30. Nc2 {[%clk 0:04:24]} Rd8 {[%clk 0:07:38]} 31. Nxc3 {[%clk
0:04:14]} Rb2 {[%clk 0:05:50]} 32. Ne3 {[%clk 0:04:15]} Bb7 {[%clk 0:05:36]}
33. Rb5 {[%clk 0:03:52]} Rxb5 {[%clk 0:05:13]} 34. Nxb5 {[%clk 0:04:20]} Rd3
{[%clk 0:05:27]} 35. Rd1 {[%clk 0:03:14]} Rb3 {[%clk 0:03:10]} 36. Nd4 {[%clk
0:03:02]} Rb2 {[%clk 0:03:08]} 37. g3 {[%clk 0:03:05]} Kf6 {[%clk 0:03:08]} 38.
Rc1 {[%clk 0:02:53]} Rb6 {[%clk 0:02:23]} 39. Rc3 {[%clk 0:02:25]} Rd6 {[%clk
0:01:51]} 40. Nb3 {[%clk 0:01:57]} Ba6 {[%clk 0:01:35]} 41. Nc5 {[%clk
0:01:45]} Bd3 {[%clk 0:01:27]} 42. Nxd3 {[%clk 0:00:49]} exd3 {[%clk 0:01:31]}
43. Kf1 {[%clk 0:00:55]} e5 {[%clk 0:01:46]} 44. f3 {[%clk 0:30:18]} Rd8 {[%clk
0:30:14]} 45. Ng4+ {[%clk 0:29:19]} Kf5 {[%clk 0:30:30]} 46. Nf2 {[%clk
0:29:33]} e4 {[%clk 0:29:57]} 47. fxe4+ {[%clk 0:29:55]} Ke5 {[%clk 0:30:22]}
48. Rxd3 {[%clk 0:30:10]} Rxd3 {[%clk 0:30:40]} 49. Nxd3+ {[%clk 0:30:36]} Kxe4
{[%clk 0:31:06]} 50. Ke2 {[%clk 0:30:59]} h5 {[%clk 0:30:14]} 51. Nf2+ {[%clk
0:31:21]} Kf5 {[%clk 0:30:35]} 52. Kf3 {[%clk 0:31:45]} g5 {[%clk 0:30:37]} 53.
h3 {[%clk 0:31:50]} Ke5 {[%clk 0:30:40]} 54. Ke3 {[%clk 0:31:56]} Kd5 {[%clk
0:30:25]} 55. Nd3 {[%clk 0:32:19]} 1-0

[Event "DEM U14 2021"]
[Site "Willingen GER"]
[Date "2021.08.26"]
[Round "6"]
[White "Kempe, Caius Emilian"]
[Black "Honstein, Michael"]
[Result "0-1"]
[Termination "normal"]
[Board "6"]
[WhiteElo "2013"]
[BlackElo "1810"]
[WhiteClock "01:22:39"]
[BlackClock "01:12:48"]
[PlyCount "40"]
[WhiteFideId "16246861"]
[BlackFideId "16287053"]
[EventCountry "GER"]
[EventRounds "9"]
[EventType "swiss"]
[EventDate "2021.08.22"]

1. d4 {[%clk 1:30:56]} Nf6 {[%clk 1:30:46]} 2. c4 {[%clk 1:31:09]} c5 {[%clk
1:30:58]} 3. d5 {[%clk 1:31:32]} e6 {[%clk 1:31:03]} 4. Nc3 {[%clk 1:31:46]}
exd5 {[%clk 1:31:25]} 5. cxd5 {[%clk 1:32:05]} d6 {[%clk 1:31:48]} 6. e4 {[%clk
1:32:09]} g6 {[%clk 1:32:06]} 7. Bc4 {[%clk 1:31:49]} Bg7 {[%clk 1:32:02]} 8.
Nge2 {[%clk 1:32:03]} O-O {[%clk 1:32:18]} 9. O-O {[%clk 1:32:24]} Re8 {[%clk
1:28:41]} 10. Qc2 {[%clk 1:32:29]} Nbd7 {[%clk 1:27:49]} 11. Ng3 {[%clk
1:31:20]} Ne5 {[%clk 1:25:24]} 12. Be2 {[%clk 1:31:01]} a6 {[%clk 1:22:16]} 13.
a4 {[%clk 1:30:05]} Rb8 {[%clk 1:18:51]} 14. Kh1 {[%clk 1:26:11]} Nfg4 {[%clk
1:15:05]} 15. f3 {[%clk 1:25:29]} Nxh2 {[%clk 1:15:06]} 16. Kxh2 {[%clk
1:25:26]} Qh4+ {[%clk 1:15:30]} 17. Kg1 {[%clk 1:25:37]} Qxg3 {[%clk 1:15:52]}
18. Be3 {[%clk 1:22:13]} Ng4 {[%clk 1:13:43]} 19. fxg4 {[%clk 1:22:33]} Qxe3+
{[%clk 1:14:10]} 20. Rf2 {[%clk 1:22:39]} Bd4 {[%clk 1:12:48]} 0-1

[Event "DEM U14 2021"]
[Site "Willingen GER"]
[Date "2021.08.26"]
[Round "6"]
[White "Stork, Christopher"]
[Black "Rose, Daniel"]
[Result "1-0"]
[Termination "normal"]
[Board "7"]
[WhiteElo "1885"]
[BlackElo "1848"]
[WhiteClock "00:11:26"]
[BlackClock "00:47:19"]
[PlyCount "67"]
[WhiteFideId "16215400"]
[BlackFideId "16242963"]
[EventCountry "GER"]
[EventRounds "9"]
[EventType "swiss"]
[EventDate "2021.08.22"]

1. e4 {[%clk 1:30:56]} e6 {[%clk 1:30:56]} 2. d4 {[%clk 1:31:18]} d5 {[%clk
1:31:22]} 3. Nd2 {[%clk 1:31:33]} dxe4 {[%clk 1:31:43]} 4. Nxe4 {[%clk
1:31:55]} Bd7 {[%clk 1:32:03]} 5. Bd3 {[%clk 1:28:13]} Bc6 {[%clk 1:31:42]} 6.
Nf3 {[%clk 1:26:36]} Nf6 {[%clk 1:27:38]} 7. Nxf6+ {[%clk 1:22:21]} Qxf6 {[%clk
1:18:37]} 8. Bg5 {[%clk 1:18:54]} Bxf3 {[%clk 1:17:30]} 9. Qd2 {[%clk 1:18:36]}
Bb4 {[%clk 1:17:09]} 10. c3 {[%clk 1:17:46]} Bxg2 {[%clk 1:13:18]} 11. Bxf6
{[%clk 1:17:26]} Bxh1 {[%clk 1:13:40]} 12. Bxg7 {[%clk 1:07:53]} Rg8 {[%clk
1:13:52]} 13. Qh6 {[%clk 1:05:43]} Bf8 {[%clk 1:13:31]} 14. Bxf8 {[%clk
1:05:06]} Rxf8 {[%clk 1:13:05]} 15. O-O-O {[%clk 1:02:13]} Bc6 {[%clk 1:11:38]}
16. Qf4 {[%clk 0:58:31]} Kd8 {[%clk 1:11:02]} 17. d5 {[%clk 0:49:05]} exd5
{[%clk 1:01:30]} 18. Qf6+ {[%clk 0:40:03]} Kc8 {[%clk 1:01:46]} 19. Qe7 {[%clk
0:36:28]} Nd7 {[%clk 1:00:48]} 20. Bf5 {[%clk 0:32:22]} Rd8 {[%clk 1:01:01]}
21. Qxf7 {[%clk 0:24:06]} b6 {[%clk 0:59:54]} 22. c4 {[%clk 0:20:01]} Kb7
{[%clk 0:58:40]} 23. cxd5 {[%clk 0:18:24]} Bb5 {[%clk 0:58:27]} 24. d6 {[%clk
0:17:07]} Rac8 {[%clk 0:55:38]} 25. Kb1 {[%clk 0:15:09]} cxd6 {[%clk 0:55:35]}
26. Rxd6 {[%clk 0:15:08]} Rc7 {[%clk 0:55:54]} 27. Qd5+ {[%clk 0:15:08]} Ka6
{[%clk 0:53:47]} 28. a4 {[%clk 0:12:16]} Bc4 {[%clk 0:51:15]} 29. Bd3 {[%clk
0:12:15]} Bxd3+ {[%clk 0:49:39]} 30. Qxd3+ {[%clk 0:12:43]} Kb7 {[%clk
0:49:39]} 31. Qd5+ {[%clk 0:11:39]} Ka6 {[%clk 0:49:26]} 32. b4 {[%clk
0:11:14]} h5 {[%clk 0:47:31]} 33. h4 {[%clk 0:11:36]} Nf6 {[%clk 0:47:19]} 34.
Qd3+ {[%clk 0:11:26]} 1-0

[Event "DEM U14 2021"]
[Site "Willingen GER"]
[Date "2021.08.26"]
[Round "6"]
[White "Rempe, Jonas"]
[Black "Hayen, Andre"]
[Result "1-0"]
[Termination "normal"]
[Board "8"]
[WhiteElo "2026"]
[BlackElo "1438"]
[WhiteClock "00:20:52"]
[BlackClock "00:38:52"]
[PlyCount "131"]
[WhiteFideId "16202406"]
[BlackFideId "16278984"]
[EventCountry "GER"]
[EventRounds "9"]
[EventType "swiss"]
[EventDate "2021.08.22"]

1. e4 {[%clk 1:30:57]} c6 {[%clk 1:30:58]} 2. d4 {[%clk 1:31:11]} d5 {[%clk
1:31:25]} 3. Nd2 {[%clk 1:31:37]} dxe4 {[%clk 1:31:52]} 4. Nxe4 {[%clk
1:32:02]} Bf5 {[%clk 1:32:19]} 5. Ng3 {[%clk 1:32:26]} Bg6 {[%clk 1:32:47]} 6.
h4 {[%clk 1:32:48]} h6 {[%clk 1:33:15]} 7. Nf3 {[%clk 1:33:13]} Nd7 {[%clk
1:33:41]} 8. h5 {[%clk 1:33:39]} Bh7 {[%clk 1:34:07]} 9. Bd3 {[%clk 1:34:05]}
Bxd3 {[%clk 1:34:34]} 10. Qxd3 {[%clk 1:34:30]} e6 {[%clk 1:35:01]} 11. Bd2
{[%clk 1:34:53]} Ngf6 {[%clk 1:35:26]} 12. O-O-O {[%clk 1:35:17]} Be7 {[%clk
1:35:52]} 13. Kb1 {[%clk 1:35:42]} O-O {[%clk 1:36:17]} 14. Ne4 {[%clk
1:36:06]} Nxe4 {[%clk 1:36:43]} 15. Qxe4 {[%clk 1:36:31]} Nf6 {[%clk 1:37:09]}
16. Qe2 {[%clk 1:36:56]} Qd5 {[%clk 1:37:32]} 17. Be3 {[%clk 1:37:21]} b5
{[%clk 1:37:55]} 18. Ne5 {[%clk 1:34:53]} Ne4 {[%clk 1:37:33]} 19. Bf4 {[%clk
1:30:46]} a5 {[%clk 1:33:59]} 20. f3 {[%clk 1:29:11]} Ng5 {[%clk 1:28:35]} 21.
Qe3 {[%clk 1:23:29]} Rfd8 {[%clk 1:22:05]} 22. c3 {[%clk 1:17:25]} a4 {[%clk
1:18:58]} 23. Bxg5 {[%clk 1:17:20]} Bxg5 {[%clk 1:19:21]} 24. f4 {[%clk
1:17:45]} Bf6 {[%clk 1:19:06]} 25. Rh3 {[%clk 1:09:46]} c5 {[%clk 1:11:39]} 26.
Rg3 {[%clk 0:59:39]} Kf8 {[%clk 1:06:28]} 27. Qd3 {[%clk 0:50:56]} cxd4 {[%clk
1:02:22]} 28. Qxd4 {[%clk 0:47:50]} Qxd4 {[%clk 0:57:22]} 29. cxd4 {[%clk
0:43:24]} Rac8 {[%clk 0:53:58]} 30. Rc3 {[%clk 0:36:22]} Ke8 {[%clk 0:52:13]}
31. a3 {[%clk 0:33:29]} Kf8 {[%clk 0:49:25]} 32. Rdd3 {[%clk 0:27:18]} Ke8
{[%clk 0:48:25]} 33. Kc2 {[%clk 0:26:34]} Rxc3+ {[%clk 0:33:15]} 34. Kxc3
{[%clk 0:19:52]} Be7 {[%clk 0:33:36]} 35. Kd2 {[%clk 0:19:14]} Bd6 {[%clk
0:31:22]} 36. g3 {[%clk 0:19:15]} f6 {[%clk 0:30:19]} 37. Nc6 {[%clk 0:18:47]}
Rc8 {[%clk 0:29:51]} 38. Na7 {[%clk 0:17:02]} Rb8 {[%clk 0:29:50]} 39. d5
{[%clk 0:16:35]} exd5 {[%clk 0:24:20]} 40. Rxd5 {[%clk 0:16:18]} Rd8 {[%clk
0:24:45]} 41. Ke2 {[%clk 0:16:06]} b4 {[%clk 0:23:40]} 42. axb4 {[%clk
0:15:41]} Ra8 {[%clk 0:18:28]} 43. Rxd6 {[%clk 0:12:40]} Rxa7 {[%clk 0:18:53]}
44. b5 {[%clk 0:13:06]} a3 {[%clk 0:16:45]} 45. bxa3 {[%clk 0:11:32]} Rxa3
{[%clk 0:16:51]} 46. Rd3 {[%clk 0:04:48]} Ra2+ {[%clk 0:15:06]} 47. Rd2 {[%clk
0:04:51]} Ra3 {[%clk 0:15:20]} 48. Rb2 {[%clk 0:05:13]} Rxg3 {[%clk 0:15:29]}
49. Kf2 {[%clk 0:05:18]} Rh3 {[%clk 0:14:34]} 50. Kg2 {[%clk 0:05:43]} Ra3
{[%clk 0:14:17]} 51. b6 {[%clk 0:06:06]} Ra8 {[%clk 0:14:43]} 52. b7 {[%clk
0:06:33]} Rb8 {[%clk 0:15:09]} 53. Kf3 {[%clk 0:06:13]} Kf7 {[%clk 0:12:50]}
54. Ke4 {[%clk 0:06:01]} g6 {[%clk 0:12:40]} 55. hxg6+ {[%clk 0:06:26]} Kxg6
{[%clk 0:13:06]} 56. f5+ {[%clk 0:05:03]} Kg5 {[%clk 0:12:29]} 57. Rg2+ {[%clk
0:25:43]} Kh4 {[%clk 0:42:48]} 58. Kf4 {[%clk 0:26:09]} Kh3 {[%clk 0:43:14]}
59. Rg3+ {[%clk 0:26:35]} Kh4 {[%clk 0:41:40]} 60. Rg6 {[%clk 0:24:47]} h5
{[%clk 0:41:41]} 61. Rg1 {[%clk 0:25:00]} Kh3 {[%clk 0:41:47]} 62. Rg3+ {[%clk
0:25:27]} Kh2 {[%clk 0:40:19]} 63. Rb3 {[%clk 0:19:50]} Kg2 {[%clk 0:39:17]}
64. Ke4 {[%clk 0:20:11]} h4 {[%clk 0:38:42]} 65. Kf4 {[%clk 0:20:31]} h3 {[%clk
0:38:52]} 66. Rb2+ {[%clk 0:20:52]} 1-0

[Event "DEM U14 2021"]
[Site "Willingen GER"]
[Date "2021.08.26"]
[Round "6"]
[White "Ehrig, Leon Chris"]
[Black "Hecht, Jonas Christian"]
[Result "0-1"]
[Termination "normal"]
[Board "9"]
[WhiteElo "1671"]
[BlackElo "1948"]
[WhiteClock "00:01:11"]
[BlackClock "00:02:25"]
[PlyCount "91"]
[WhiteFideId "16244796"]
[BlackFideId "16214846"]
[EventCountry "GER"]
[EventRounds "9"]
[EventType "swiss"]
[EventDate "2021.08.22"]

1. e4 {[%clk 1:30:57]} e5 {[%clk 1:30:56]} 2. Nc3 {[%clk 1:31:18]} Nf6 {[%clk
1:31:07]} 3. f4 {[%clk 1:31:41]} d5 {[%clk 1:30:59]} 4. fxe5 {[%clk 1:31:59]}
Nxe4 {[%clk 1:31:22]} 5. Qf3 {[%clk 1:32:24]} f5 {[%clk 1:31:46]} 6. d3 {[%clk
1:32:21]} Nxc3 {[%clk 1:31:48]} 7. bxc3 {[%clk 1:32:42]} d4 {[%clk 1:31:46]} 8.
Qg3 {[%clk 1:27:15]} Nc6 {[%clk 1:31:43]} 9. Nf3 {[%clk 1:27:14]} dxc3 {[%clk
1:28:01]} 10. Be3 {[%clk 1:26:15]} Be6 {[%clk 1:23:18]} 11. Be2 {[%clk
1:19:26]} Qd7 {[%clk 1:19:43]} 12. O-O {[%clk 1:16:11]} O-O-O {[%clk 1:18:29]}
13. a4 {[%clk 1:10:35]} h6 {[%clk 1:06:13]} 14. Qf2 {[%clk 1:03:48]} Kb8 {[%clk
0:49:16]} 15. Rfb1 {[%clk 0:54:57]} g5 {[%clk 0:45:26]} 16. Qe1 {[%clk
0:52:15]} g4 {[%clk 0:35:52]} 17. Nh4 {[%clk 0:50:41]} Nd4 {[%clk 0:33:15]} 18.
Bd1 {[%clk 0:47:38]} Qc6 {[%clk 0:27:55]} 19. Ng6 {[%clk 0:45:25]} Rg8 {[%clk
0:27:52]} 20. Nxf8 {[%clk 0:45:20]} Rgxf8 {[%clk 0:28:14]} 21. Rb4 {[%clk
0:45:00]} f4 {[%clk 0:23:12]} 22. Bf2 {[%clk 0:37:22]} Nf5 {[%clk 0:22:55]} 23.
Bxg4 {[%clk 0:36:26]} Ne3 {[%clk 0:22:40]} 24. Bxe3 {[%clk 0:35:57]} fxe3
{[%clk 0:23:01]} 25. Bxe6 {[%clk 0:35:47]} e2 {[%clk 0:23:00]} 26. Qxe2 {[%clk
0:32:18]} Qc5+ {[%clk 0:23:24]} 27. Kh1 {[%clk 0:32:40]} Qxb4 {[%clk 0:23:46]}
28. Bg4 {[%clk 0:30:48]} Rde8 {[%clk 0:18:04]} 29. h3 {[%clk 0:22:53]} Qd4
{[%clk 0:12:48]} 30. Bf3 {[%clk 0:14:18]} Qxe5 {[%clk 0:10:52]} 31. Qd1 {[%clk
0:14:24]} Re7 {[%clk 0:11:02]} 32. Rb1 {[%clk 0:14:24]} b6 {[%clk 0:11:12]} 33.
d4 {[%clk 0:10:22]} Qg3 {[%clk 0:09:54]} 34. Bc6 {[%clk 0:05:06]} Rf2 {[%clk
0:06:32]} 35. Qg1 {[%clk 0:01:35]} Re3 {[%clk 0:04:57]} 36. Re1 {[%clk
0:00:32]} a6 {[%clk 0:03:24]} 37. Rd1 {[%clk 0:00:32]} Ka7 {[%clk 0:02:48]} 38.
Qh2 {[%clk 0:00:35]} Qxh2+ {[%clk 0:02:52]} 39. Kxh2 {[%clk 0:01:01]} Ree2
{[%clk 0:02:21]} 40. Rd3 {[%clk 0:00:31]} Rxc2 {[%clk 0:02:30]} 41. Bf3 {[%clk
0:00:36]} b5 {[%clk 0:02:29]} 42. a5 {[%clk 0:00:48]} b4 {[%clk 0:01:56]} 43.
Bd5 {[%clk 0:01:10]} Rf8 {[%clk 0:01:57]} 44. Re3 {[%clk 0:01:26]} Rcf2 {[%clk
0:02:01]} 45. Re7 {[%clk 0:01:44]} Kb8 {[%clk 0:02:25]} 46. Re6 {[%clk
0:01:11]} 0-1